| 000 | 00470nam a2200121Ia 4500 | ||
|---|---|---|---|
| 008 | 160712s9999 xx 000 0 und d | ||
| 100 | _aBawagan, Aleli. | ||
| 245 |
_cAleli Bawagan, _aPaglahok ng mga Lider Magsasaka sa Istruktura ng Pamamahala sa Lokal at Pambansang Antas: Mga Bunga at Hamon |
||
| 260 |
_c2015 _bDaluyan: Journal ng Wikang Filipino |
||
| 300 | _a no. 2 | ||
| 650 | _xFILIPINO | ||
| 856 | _uhttp://journals.upd.edu.ph/index.php/djwf/issue/view/473/showToc | ||
| 999 |
_c297014 _d297014 |
||